THE LAST BOOK : (Record no. 204207)
[ view plain ]
| 000 -LEADER | |
|---|---|
| fixed length control field | 01186nam a2200325 i 4500 |
| 003 - CONTROL NUMBER IDENTIFIER | |
| control field | OSt |
| 005 - DATE AND TIME OF LATEST TRANSACTION | |
| control field | 20260512165513.0 |
| 008 - FIXED-LENGTH DATA ELEMENTS--GENERAL INFORMATION | |
| fixed length control field | 260512s2025 my a gr 000 fdeng d |
| 020 ## - INTERNATIONAL STANDARD BOOK NUMBER | |
| International Standard Book Number | 9789672910527 |
| Qualifying information | paperback |
| Terms of availability | RM35.00 |
| 040 ## - CATALOGING SOURCE | |
| Original cataloging agency | PPAK |
| Language of cataloging | eng |
| Transcribing agency | PPAK |
| Description conventions | rda |
| 041 ## - LANGUAGE CODE | |
| Language code of text/sound track or separate title | english |
| Language code of original | malay |
| 082 04 - DEWEY DECIMAL CLASSIFICATION NUMBER | |
| Classification number | 899.2333 |
| Edition number | 23 |
| 090 00 - LOCALLY ASSIGNED LC-TYPE CALL NUMBER (OCLC); LOCAL CALL NUMBER (RLIN) | |
| Classification number (OCLC) (R) ; Classification number, CALL (RLIN) (NR) | 899.2333 |
| Feature heading | MFA |
| Feature heading | G |
| 100 0# - MAIN ENTRY--PERSONAL NAME | |
| Personal name | M. Faz, |
| Relator term | author. |
| 245 14 - TITLE STATEMENT | |
| Title | THE LAST BOOK : |
| Remainder of title | THE SILENT WALL / |
| Statement of responsibility, etc. | M. FAZ ; Editor : M. Faz's team |
| 250 ## - EDITION STATEMENT | |
| Edition statement | (English Edition) |
| 264 #1 - PRODUCTION, PUBLICATION, DISTRIBUTION, MANUFACTURE, AND COPYRIGHT NOTICE | |
| Place of production, publication, distribution, manufacture | Serendah, Selangor : |
| Name of producer, publisher, distributor, manufacturer | Karya PiS Sdn. Bhd., |
| Date of production, publication, distribution, manufacture, or copyright notice | 2025 |
| 300 ## - PHYSICAL DESCRIPTION | |
| Extent | 312 pages : |
| Other physical details | illustrations ; |
| Dimensions | 19 cm |
| 336 ## - CONTENT TYPE | |
| Content type term | text |
| Source | rdacontent |
| Content type term | still image |
| Source | rdacontent |
| 337 ## - MEDIA TYPE | |
| Media type term | unmediated |
| Source | rdamedia |
| 338 ## - CARRIER TYPE | |
| Carrier type term | volume |
| Source | rdacarrier |
| 546 ## - LANGUAGE NOTE | |
| Language note | Text in English, translated from Malay |
| 650 10 - SUBJECT ADDED ENTRY--TOPICAL TERM | |
| Topical term or geographic name entry element | Malay fiction |
| Form subdivision | Translations into English |
| Topical term or geographic name entry element | Malaysian fiction (Malay) |
| Form subdivision | Translations into English |
| Topical term or geographic name entry element | English fiction |
| Form subdivision | Translations from Malay |
| 710 2# - ADDED ENTRY--CORPORATE NAME | |
| Corporate name or jurisdiction name as entry element | M. Faz's Team, |
| Relator term | editor. |
| 765 1# - ORIGINAL LANGUAGE ENTRY | |
| Title | Kitab Terakhir Tembok Sepi. |
| Main entry heading | M. Faz. |
| Place, publisher, and date of publication | Serendah, Selangor : Karya PiS Sdn. Bhd., 2025 |
| 942 ## - ADDED ENTRY ELEMENTS (KOHA) | |
| Source of classification or shelving scheme | Dewey Decimal Classification |
| Koha item type | Book |
No items available.